Historia económica de la Europa contemporánea: de la revolución industrial a la integración europea

I tiakina i:
Ngā taipitopito rārangi puna kōrero
Kaituhi matua: Zamagni, Vera (Author)
Hōputu: Pukapuka
Reo:Pāniora
I whakaputaina: Barcelona, España Crítica 2002
Putanga:Segunda edición
Rangatū:Libros de Historia
Ngā marau:
Ngā Tūtohu: Tāpirihia he Tūtohu
Kāore He Tūtohu, Me noho koe te mea tuatahi ki te tūtohu i tēnei pūkete!

MARC

LEADER 00000nam a2200000 a 4500
001 UCL0542
003 CL-VaPUC
005 20210605001721.0
008 030728e20020000SP |||||||||||||||||spa|d
999 |c 304360  |d 304358 
020 |a 8484321495 
040 |c Pontificia Universidad Católica de Valparaíso 
082 0 4 |a 330.094 ZAM 2002  |2 21 
100 0 |a Zamagni, Vera  |e author  |9 477191 
245 1 0 |a Historia económica de la Europa contemporánea:  |b  de la revolución industrial a la integración europea 
250 |a Segunda edición 
260 |a Barcelona, España  |b Crítica  |c 2002 
300 |a 270 páginas 
490 0 |a Libros de Historia 
583 |a last modification  |c 20030728 00:00:00  |k Rodrigo Vera 
650 0 |a Historia económica  |z EUROPA  |9 307218 
650 0 |a Desarrollo económico y social   |z EUROPA  |9 256320 
942 |c BK  |2 ddc 
945 |d 20030728 00:00:00  |a cmena 
952 |0 0  |1 0  |2 ddc  |4 0  |6 330_094000000000000_ZAM_2002  |7 0  |8 A  |9 366388  |a BIBHIS  |b BIBHIS  |d 2019-11-21  |i 3907333  |o 330.094 ZAM 2002  |p 3907333  |r 2025-01-20  |t 1  |w 2019-11-21  |y BK  |k HIS